000 00375nam a22001577a 4500
005 20230720102843.0
008 230720b |||||||| |||| 00| 0 eng d
020 _a8173195943
082 _a621.3191
_bPAI-S
100 _aPai, M. A.
245 _aSmall signal analysis of power systems
260 _aIndia
_bNarosa
_c2004c
300 _a291
650 _aMISC
999 _c33083
_d33083